Online katalóg knižníc regiónu Turca

Povesti oravskej doliny (Record no. 22594)

MARC details
000 -LEADER
fixed length control field 00895cam a2200313 a 4500
001 - CONTROL NUMBER
control field 22594
003 - CONTROL NUMBER IDENTIFIER
control field SK-KTurca
005 - DATE AND TIME OF LATEST TRANSACTION
control field 20260401144928.0
008 - FIXED-LENGTH DATA ELEMENTS--GENERAL INFORMATION
fixed length control field 240226s2000 xo r 000 f slo
015 ## - NATIONAL BIBLIOGRAPHY NUMBER
National bibliography number SNBA2001/05-01696
020 ## - INTERNATIONAL STANDARD BOOK NUMBER
International Standard Book Number 8088978440
035 ## - SYSTEM CONTROL NUMBER
System control number SNK000363167
035 ## - SYSTEM CONTROL NUMBER
System control number urn:nbn:sk:snk-amkmgq
035 ## - SYSTEM CONTROL NUMBER
System control number urn:nbn:sk:snk-am00488o
035 ## - SYSTEM CONTROL NUMBER
System control number 3A8144B5-59A9-4B50-9F05-FB512F7EDB00
040 ## - CATALOGING SOURCE
Original cataloging agency SNK
Language of cataloging slo
Transcribing agency SNK
Description conventions AACR2
041 0# - LANGUAGE CODE
Language code of text/sound track or separate title slo
044 ## - COUNTRY OF PUBLISHING/PRODUCING ENTITY CODE
MARC country code xo
ISO country code SK
080 ## - UNIVERSAL DECIMAL CLASSIFICATION NUMBER
Universal Decimal Classification number 885.4-3
Edition identifier 1981
080 ## - UNIVERSAL DECIMAL CLASSIFICATION NUMBER
Universal Decimal Classification number 398.2(437.646)
Edition identifier 1981
100 1# - MAIN ENTRY--PERSONAL NAME
Personal name Habovštiak, Anton,
Dates associated with a name 1924-2004
Relationship aut
245 10 - TITLE STATEMENT
Title Povesti oravskej doliny
Statement of responsibility, etc. Anton Habovštiak
260 ## - PUBLICATION, DISTRIBUTION, ETC.
Place of publication, distribution, etc. Bratislava
Name of publisher, distributor, etc. Motýľ
Date of publication, distribution, etc. 2000
300 ## - PHYSICAL DESCRIPTION
Extent 219 s.
Dimensions 22 cm
651 #7 - SUBJECT ADDED ENTRY--GEOGRAPHIC NAME
Geographic name Orava (Slovensko : región)
Source of heading or term SNK
655 #7 - INDEX TERM--GENRE/FORM
Genre/form data or focus term slovenské povesti
Source of term SNK
655 #7 - INDEX TERM--GENRE/FORM
Genre/form data or focus term slovenské ľudové povesti
Source of term SNK
942 ## - ADDED ENTRY ELEMENTS (KOHA)
Source of classification or shelving scheme Dewey Decimal Classification
Koha item type Krásna literatúra pre deti
Suppress in OPAC No
Holdings
Stav vyradenia Strata Poškodenie Spôsob nadobudnutia Domovská knižnica Aktuálna knižnica Dátum nadobudnutia Total checkouts Čiarový kód exemplára Date last seen Typ exemplára
      Dar Obecná knižnica Turčianska Štiavnička Obecná knižnica Turčianska Štiavnička 01.04.2026   4738000927 01.04.2026 Krásna literatúra pre deti
Projekt je podporený Slovenskou asociáciou knižníc
Prevádzkuje Turčianska knižnica Martin 2026